| 000 | 01169nam a22002537a 4500 | ||
|---|---|---|---|
| 005 | 20141112150857.0 | ||
| 008 | 141007s1923 ag ||||fr|||| 001 p spa d | ||
| 040 |
_cSandra Yazo _dSandra Yazo |
||
| 041 | 0 | _aspa | |
| 082 | 0 | 4 |
_220 _a861.942 |
| 092 | _aE33N008 | ||
| 100 | 1 |
_aCardevila, Arturo _965114 |
|
| 245 | 1 | 3 |
_aEl poema de Nenufar _cArturo Cardevilla |
| 250 | _aTerdera edición | ||
| 260 |
_aBuenos Aires (Argentina) _bLos talleres gráficos de Antonio Mercatali _c1923 |
||
| 300 |
_a147 páginas _c18 x 12 cm. |
||
| 500 | _aDetalles físicos: Encuadernación rígida en cartón forrado en papel. Lomo en tela con adornos en dorado. Guardas en papel impreso. Anteportada. Portada impresa en una sola tinta, con una ilustración. Texto en una columna. Márgenes amplios. Texto en una columna | ||
| 505 | 0 | _aPrólogo ; Platicas con Nenufar ; Versos que escucho Nenufar, en las tardes serenas ; En las tardes grises ; En las últimas tardes | |
| 506 | _aConsulta en sala | ||
| 650 | 7 |
_921783 _aPoesía argentina |
|
| 650 | 7 |
_918607 _aLiteratura argentina |
|
| 690 |
_942866 _aLiteratura latinoamericana |
||
| 942 |
_2LOCAL _cLIBRO _e3 _hE33N008 |
||
| 999 |
_c297193 _d297193 |
||